000
00292nam a2200121Ia 4500
008
190902s9999||||xx |||||||||||||| ||und||
020
_a
0-201-63191-1
100
_a
Jeremy Seward
245
0
_a
Human Resources Management
260
_a
London
_b
McGraw Hill
_c
225
300
_a
2005
942
_c
BK
999
_c
2950
_d
2950